Le meilleur buteur de Premier League hors Big Six depuis 2009/10 - Statistiques

Statistiques générales
  • Ce quiz a été pris 146 fois
    47 depuis la dernière actualisation
  • Le résultat moyen est 9 sur 16
Statistiques - réponses
Saison Nombre de buts Club Réponse % Correct
21/22 15 Leicester Jamie Vardy
98%
19/20 23 Leicester Jamie Vardy
98%
18/19 18 Leicester Jamie Vardy
98%
17/18 20 Leicester Jamie Vardy
98%
15/16 24 Leicester Jamie Vardy
98%
24/25 23 Newcastle Alexander Isak
93%
23/24 21 Newcastle Alexander Isak
93%
20/21 17 Leeds Patrick Bamford
50%
16/17 25 Everton Romelu Lukaku
50%
22/23 20 Brentford Ivan Toney
41%
10/11 17 Sunderland puis Aston Villa Darren Bent
17%
09/10 24 Sunderland Darren Bent
17%
12/13 19 Aston Villa Christian Benteke
13%
13/14 17 Swansea Wilfried Bony
13%
14/15 18 QPR Charlie Austin
4%
11/12 17 (deux joueurs) Blackburn ou Fulham Yakubu Aiyegbeni ou Clint Dempsey
2%
Aucun quiz correspondant
Distribution des résultats
% des personnes avec chaque résultat
Percentile par nombre de réponses
Votre historique - résultats
Vous n’avez pas pris ce quiz depuis la dernière actualisation